Paz y seguridad democrática para Centroamérica. Peace and democratic security for Central America. Política Exterior de Honduras. Honduran Foreign Policy. Exposición ante la OEA
Gorde:
| Egile nagusia: | |
|---|---|
| Erakunde egilea: | |
| Formatua: | Texto |
| Argitaratua: |
Washington, D.C:
OAS
|
| Etiketak: |
Etiketa erantsi
Etiketarik gabe, Izan zaitez lehena erregistro honi etiketa jartzen!
|
MARC
| LEADER | 00000 a a2200000 04500 | ||
|---|---|---|---|
| 001 | 24268 | ||
| 003 | |||
| 040 | |||
| 090 | |a 171900 | ||
| 100 | |a Lopéz Contreras, Carlos | ||
| 110 | |a Organization of American States | ||
| 245 | |a Paz y seguridad democrática para Centroamérica. Peace and democratic security for Central America. Política Exterior de Honduras. Honduran Foreign Policy. Exposición ante la OEA | ||
| 260 | |a Washington, D.C: |b OAS | ||
| 300 | |a 40 p. | ||
| 999 | |c 1954 |d 1954 | ||
